000 00314 a2200121 4500
001 ART_17543
005 20260410161750.0
008 260409a
245 1 0 _aWikinomics
100 1 _aTapscott, Don
700 1 _aWilliamms, Anthony D.
773 0 _tBook Summary
_g- NÂș 11 (ene. 2008)
_wREV4099
999 _c19596
_d19596